[Event "Millionaire Chess Op 2015"]
[Site "Las Vegas USA"]
[Date "2015.10.10"]
[Round "6.12"]
[White "Barcenilla, Rogelio"]
[Black "Stukopin, Andrey"]
[Result "1-0"]
[WhiteTitle "GM"]
[BlackTitle "GM"]
[WhiteElo "2455"]
[BlackElo "2572"]
[WhiteFideId "5200059"]
[BlackFideId "24107131"]
[EventDate "2015.10.08"]

1. c4 e6 2. Nf3 d5 3. cxd5 exd5 4. d4 c6 5. Nc3 Bf5 6. Bf4 Nf6 7. e3 Nbd7 8. Bd3
Bxd3 9. Qxd3 Be7 10. h3 O-O 11. O-O Nb6 12. Nd2 Qd7 13. Rab1 a5 14. Rfc1 Nh5 15.
Bh2 f5 16. Be5 Bd6 17. f4 Ng3 18. b3 Ba3 19. Rc2 Qe7 20. Kh2 Ne4 21. Rg1 Nd7 22.
g4 Nxe5 23. dxe5 Nc5 24. Qf1 Ne6 25. Ne2 Bc5 26. Qf2 Kh8 27. Nf3 g5 28. gxf5
Rxf5 29. Rxc5 Nxc5 30. Ned4 Rff8 31. Nxg5 Ne4 32. Qh4 c5 33. Ndf3 a4 34. Rg2
axb3 35. axb3 Nxg5 36. Rxg5 Qe6 37. Rh5 Ra2+ 38. Kg3 Qg8+ 39. Ng5 Rf7 40. e6 Rg7
41. f5 Ra6 42. Qf4 Qe8 43. Kh4 Rb6 44. f6 Rxg5 45. Qxg5 Qf8 46. e7 1-0

[Event "Millionaire Chess Op 2015"]
[Site "Las Vegas USA"]
[Date "2015.10.10"]
[Round "6.13"]
[White "Macieja, Bartlomiej"]
[Black "Berczes, David"]
[Result "0-1"]
[WhiteTitle "GM"]
[BlackTitle "GM"]
[WhiteElo "2579"]
[BlackElo "2495"]
[WhiteFideId "1104306"]
[BlackFideId "722960"]
[EventDate "2015.10.08"]

1. e4 e5 2. Nf3 Nc6 3. Bb5 a6 4. Ba4 Nf6 5. O-O Be7 6. Re1 b5 7. Bb3 d6 8. c3
O-O 9. h3 Bb7 10. d4 Re8 11. Nbd2 exd4 12. cxd4 Nd7 13. Nf1 Na5 14. Bc2 c5 15.
d5 Nc4 16. b3 Bf6 17. Rb1 Nce5 18. N3h2 Ng6 19. Ne3 Bc3 20. Bd2 Bxd2 21. Qxd2
Bc8 22. Nf5 Nb6 23. g4 Ra7 24. f4 b4 25. Bd3 a5 26. Bb5 Rf8 27. Rbd1 a4 28. e5
axb3 29. axb3 dxe5 30. fxe5 Bb7 31. Qf2 Nxd5 32. Qxc5 Ra2 33. Re2 Ra5 34. e6
fxe6 35. Rxe6 Ngf4 36. Ne7+ Kh8 37. Re5 Nxh3+ 38. Kg2 Nxe7+ 39. Kxh3 Qxd1 40.
Qxe7 Qxb3+ 41. Re3 Qxe3+ 42. Qxe3 Ra3 43. Bd3 Rd8 44. Kh4 Raxd3 45. Qe7 Bg2 46.
Qxb4 Rh3+ 47. Kg5 Rd5+ 0-1

[Event "Millionaire Chess Op 2015"]
[Site "Las Vegas USA"]
[Date "2015.10.10"]
[Round "6.14"]
[White "Indjic, Aleksandar"]
[Black "Salinas Herrera, Pablo"]
[Result "1-0"]
[WhiteTitle "GM"]
[BlackTitle "IM"]
[WhiteElo "2569"]
[BlackElo "2464"]
[WhiteFideId "911925"]
[BlackFideId "3407128"]
[EventDate "2015.10.08"]

1. d4 Nf6 2. Nf3 e6 3. c4 d5 4. Bg5 Nbd7 5. Nc3 c6 6. e3 Qa5 7. cxd5 Nxd5 8. Qd2
Bb4 9. Rc1 h6 10. Bh4 b6 11. a3 Bxc3 12. bxc3 N5f6 13. Bd3 Ba6 14. c4 Qxd2+ 15.
Nxd2 c5 16. Nb3 cxd4 17. exd4 O-O 18. Kd2 e5 19. Bg3 exd4 20. c5 Bxd3 21. Kxd3
Nxc5+ 22. Nxc5 bxc5 23. Rxc5 Rfe8 24. Rb1 Re6 25. Rcb5 Ne4 26. a4 Rae8 27. R1b4
R8e7 28. Rxd4 g5 29. Rdd5 Kh7 30. Rb2 Kg6 31. Bb8 f5 32. f3 Nf6 33. Rd4 Re3+ 34.
Kc4 Ra3 35. Kb4 Ra1 36. Ka5 Nd7 37. Bxa7 Ne5 38. Rb6+ Kf7 39. Ka6 Re6 40. Rxe6
Kxe6 41. Kb7 Nf7 42. Bb6 Nd6+ 43. Kc6 Rc1+ 44. Bc5 Nb7 45. Kxb7 Rxc5 46. Rd2 Ra5
47. Ra2 Kd6 48. Kb6 Ra8 49. Rd2+ 1-0

[Event "Millionaire Chess Op 2015"]
[Site "Las Vegas USA"]
[Date "2015.10.10"]
[Round "6.15"]
[White "Quintiliano Pinto, Renato R."]
[Black "Sevian, Samuel"]
[Result "1/2-1/2"]
[WhiteTitle "IM"]
[BlackTitle "GM"]
[WhiteElo "2443"]
[BlackElo "2556"]
[WhiteFideId "2117568"]
[BlackFideId "2040506"]
[EventDate "2015.10.08"]

1. d4 Nf6 2. c4 g6 3. Nc3 d5 4. Nf3 Bg7 5. e3 O-O 6. Be2 c5 7. dxc5 Qa5 8. Bd2
dxc4 9. Na4 Qc7 10. Bxc4 Ne4 11. Rc1 Bg4 12. h3 Nxd2 13. Qxd2 Bxf3 14. gxf3 Nc6
15. Ke2 Ne5 16. Qc2 Qa5 17. f4 Nxc4 18. Qxc4 b5 19. cxb6 axb6 20. Nc3 Rfc8 21.
Qe4 Bxc3 22. Rxc3 Qxa2 23. Kf3 Qxb2 24. Rxc8+ Rxc8 25. Qxe7 Qc2 26. Ra1 Qc6+ 27.
Qe4 Qd7 28. Kg2 h5 29. Rb1 Re8 30. Qf3 Re6 1/2-1/2

[Event "Millionaire Chess Op 2015"]
[Site "Las Vegas USA"]
[Date "2015.10.10"]
[Round "6.16"]
[White "Xiong, Jeffery"]
[Black "Zapata, Alonso"]
[Result "1/2-1/2"]
[WhiteTitle "GM"]
[BlackTitle "GM"]
[WhiteElo "2537"]
[BlackElo "2464"]
[WhiteFideId "2047640"]
[BlackFideId "4400011"]
[EventDate "2015.10.08"]

1. e4 c5 2. Nf3 e6 3. g3 d5 4. exd5 exd5 5. d4 Nc6 6. Bg2 c4 7. O-O Bd6 8. Nc3
Nge7 9. Ne5 O-O 10. Nxd5 Nxd5 11. Bxd5 Bxe5 12. dxe5 Nxe5 13. Bg2 Qxd1 14. Rxd1
Bg4 15. Rd4 Rfd8 16. Rxd8+ Rxd8 17. Be3 b6 18. h3 Bf3 19. Bf1 Bb7 20. Be2 Nf3+
21. Kf1 Ra8 1/2-1/2

[Event "Millionaire Chess Op 2015"]
[Site "Las Vegas USA"]
[Date "2015.10.11"]
[Round "7.1"]
[White "Le, Quang Liem"]
[Black "So, Wesley"]
[Result "1/2-1/2"]
[WhiteTitle "GM"]
[BlackTitle "GM"]
[WhiteElo "2697"]
[BlackElo "2760"]
[WhiteFideId "12401137"]
[BlackFideId "5202213"]
[EventDate "2015.10.08"]

1. d4 Nf6 2. c4 e6 3. Nf3 b6 4. g3 Ba6 5. b3 Bb4+ 6. Bd2 Be7 7. Bg2 O-O 8. O-O
c6 9. Bc3 d5 10. Ne5 Nfd7 11. Nxd7 Nxd7 12. Nd2 Rc8 13. e4 c5 14. exd5 exd5 15.
dxc5 dxc4 16. c6 cxb3 17. Re1 b2 18. Bxb2 Nc5 19. Ba3 Bf6 20. Bxc5 bxc5 21. Rc1
Bb5 22. Rxc5 Qb6 23. Ne4 Rxc6 24. Rxc6 Qxc6 25. Nxf6+ Qxf6 26. Bd5 Re8 27. Rxe8+
Bxe8 28. Qc2 Qd6 29. Qe4 Kf8 30. h4 h6 1/2-1/2

[Event "Millionaire Chess Op 2015"]
[Site "Las Vegas USA"]
[Date "2015.10.11"]
[Round "7.3"]
[White "Rombaldoni, Axel"]
[Black "Yu, Yangyi"]
[Result "0-1"]
[WhiteTitle "GM"]
[BlackTitle "GM"]
[WhiteElo "2528"]
[BlackElo "2721"]
[WhiteFideId "815837"]
[BlackFideId "8603820"]
[EventDate "2015.10.08"]

1. e4 c5 2. Nf3 Nc6 3. Nc3 e6 4. d4 cxd4 5. Nxd4 a6 6. Nxc6 bxc6 7. Bd3 d5 8.
O-O Nf6 9. b3 Be7 10. Qe2 O-O 11. e5 Nd7 12. Na4 Qc7 13. f4 g6 14. c4 d4 15. Bd2
c5 16. Rae1 Bb7 17. Qg4 Rae8 18. Nb2 Bd8 19. Qh3 f5 20. exf6 Nxf6 21. Re5 Nh5
22. Qg4 Ng7 23. Rfe1 Be7 24. R5e2 Bd6 25. g3 Nh5 26. Rxe6 Nf6 27. Qh3 Qc6 28.
Be4 Nxe4 29. R1xe4 Bc8 30. Re1 Rxe6 31. Rxe6 Qf3 32. Be1 Bxf4 0-1

[Event "Millionaire Chess Op 2015"]
[Site "Las Vegas USA"]
[Date "2015.10.11"]
[Round "7.4"]
[White "Robson, Ray"]
[Black "Lenderman, Aleksandr"]
[Result "0-1"]
[WhiteTitle "GM"]
[BlackTitle "GM"]
[WhiteElo "2680"]
[BlackElo "2623"]
[WhiteFideId "2023970"]
[BlackFideId "2021285"]
[EventDate "2015.10.08"]

1. e4 e6 2. d4 d5 3. Nc3 Nf6 4. e5 Nfd7 5. f4 c5 6. Nf3 Nc6 7. Be3 a6 8. Qd2 b5
9. dxc5 Bxc5 10. Bd3 O-O 11. O-O-O Qb6 12. Bg1 Bxg1 13. Rhxg1 Nc5 14. Kb1 b4 15.
Ne2 a5 16. Qe3 Rd8 17. g4 Ba6 18. f5 b3 19. cxb3 d4 20. Qg5 h6 21. Qh5 Bxd3+ 22.
Rxd3 Qb5 23. Rd2 Ne4 24. Rgd1 Nxd2+ 25. Rxd2 Qd5 26. g5 Qe4+ 27. Ka1 Nxe5 28.
Nxe5 Qxe5 29. gxh6 g6 30. Qh4 exf5 31. a3 d3 32. Nf4 Rd4 33. Nxd3 Qd6 34. Qg5
Kh7 35. Qe3 Rd8 36. Ne5 Rxd2 37. Nxf7 Qf6 38. Ng5+ Kh8 0-1

[Event "Millionaire Chess Op 2015"]
[Site "Las Vegas USA"]
[Date "2015.10.11"]
[Round "7.5"]
[White "Bareev, Evgeny"]
[Black "Shankland, Samuel L"]
[Result "1/2-1/2"]
[WhiteTitle "GM"]
[BlackTitle "GM"]
[WhiteElo "2669"]
[BlackElo "2638"]
[WhiteFideId "4100140"]
[BlackFideId "2004887"]
[EventDate "2015.10.08"]

1. Nf3 c5 2. g3 Nc6 3. Bg2 Nf6 4. O-O e5 5. e4 Be7 6. Nc3 d6 7. d3 O-O 8. a3 b6
9. Rb1 Nd4 10. Nd2 Bg4 11. f3 Be6 12. Nc4 Qd7 13. f4 exf4 14. gxf4 Rad8 15. Ne3
g6 16. f5 gxf5 17. exf5 Nxf5 18. Nxf5 Bxf5 19. Bg5 Rfe8 20. Qd2 h6 21. Bxh6 Bg6
22. Bg5 Nh7 23. Bxe7 Qxe7 24. Rf2 Qg5 25. Qxg5 Nxg5 26. Nd5 Kg7 27. Rbf1 Re5 28.
Nf4 Rh8 29. c3 Re3 30. Rd2 Ne6 31. d4 cxd4 32. cxd4 Rh4 33. Nxe6+ Rxe6 34. Rc1
Be4 35. Bxe4 Rexe4 36. d5 Rd4 37. Rcd1 Rxd2 38. Rxd2 Rh5 39. Kg2 Re5 40. Kf3 f5
41. h4 Kf6 42. Rd1 a5 43. Rd2 b5 44. Rd1 Re4 45. Rh1 Rd4 46. h5 Kg7 47. Rg1+ Kh7
48. Rg5 Rxd5 49. Kf4 Rd2 50. Rxf5 Rxb2 51. Rd5 Rb3 52. a4 bxa4 53. Rxa5 a3 54.
Ke4 Kh6 55. Kd5 Rd3+ 56. Kc4 Rh3 1/2-1/2

[Event "Millionaire Chess Op 2015"]
[Site "Las Vegas USA"]
[Date "2015.10.11"]
[Round "7.6"]
[White "Caruana, Fabiano"]
[Black "Indjic, Aleksandar"]
[Result "1-0"]
[WhiteTitle "GM"]
[BlackTitle "GM"]
[WhiteElo "2796"]
[BlackElo "2569"]
[WhiteFideId "2020009"]
[BlackFideId "911925"]
[EventDate "2015.10.08"]

1. e4 Nf6 2. e5 Nd5 3. d4 d6 4. Nf3 Bg4 5. Be2 e6 6. O-O Be7 7. c4 Nb6 8. h3 Bh5
9. Be3 O-O 10. Nc3 N8d7 11. exd6 cxd6 12. b3 a5 13. d5 e5 14. Nb5 f5 15. Rc1
Bxf3 16. Bxf3 e4 17. Be2 f4 18. Bd4 Nc5 19. Bxc5 dxc5 20. Bg4 Bg5 21. Qc2 e3 22.
fxe3 fxe3 23. Rxf8+ Qxf8 24. Rf1 Bf6 25. Qe4 Nc8 26. Qxe3 Na7 27. Nxa7 Rxa7 28.
d6 b6 29. d7 Ra8 30. Qe6+ Kh8 31. Qxb6 h5 32. Rf5 hxg4 33. Rh5+ Kg8 34. Qe6+ Qf7
35. Rh8+ Kxh8 36. Qxf7 1-0

[Event "Millionaire Chess Op 2015"]
[Site "Las Vegas USA"]
[Date "2015.10.11"]
[Round "7.7"]
[White "Kamsky, Gata"]
[Black "Holt, Conrad"]
[Result "1-0"]
[WhiteTitle "GM"]
[BlackTitle "GM"]
[WhiteElo "2680"]
[BlackElo "2522"]
[WhiteFideId "2000024"]
[BlackFideId "2034387"]
[EventDate "2015.10.08"]

1. d4 d5 2. Bf4 Nf6 3. e3 c5 4. c3 Nc6 5. Nd2 Bf5 6. Ngf3 e6 7. Qb3 Qd7 8. Bb5
a6 9. Ne5 Qc8 10. Bxc6+ bxc6 11. Qa4 cxd4 12. cxd4 Nd7 13. Rc1 Nxe5 14. Bxe5 Kd7
15. O-O Qb7 16. e4 Bxe4 17. Nxe4 dxe4 18. Qc2 f6 19. Bg3 Qb5 20. Rfe1 Bd6 21.
Bxd6 Kxd6 22. Qxe4 Qd5 23. Qg4 Rhg8 24. Rc5 Qxa2 25. Qf3 Rac8 26. Qc3 Rb8 27.
Rxc6+ Kd7 28. Rc7+ Kd8 29. Qc5 1-0

[Event "Millionaire Chess Op 2015"]
[Site "Las Vegas USA"]
[Date "2015.10.11"]
[Round "7.8"]
[White "Kaidanov, Gregory S"]
[Black "Nyzhnyk, Illya"]
[Result "1-0"]
[WhiteTitle "GM"]
[BlackTitle "GM"]
[WhiteElo "2561"]
[BlackElo "2628"]
[WhiteFideId "2008564"]
[BlackFideId "14118084"]
[EventDate "2015.10.08"]

1. d4 Nf6 2. c4 g6 3. Nc3 Bg7 4. e4 d6 5. f3 a6 6. Be3 Nc6 7. Qd2 Rb8 8. Rc1 O-O
9. Nge2 Bd7 10. Nd1 Re8 11. g3 b5 12. Bg2 bxc4 13. O-O e5 14. d5 Ne7 15. Rxc4 c6
16. dxc6 Bxc6 17. Rc2 d5 18. Nf2 Rb7 19. Bc5 Qd7 20. Bh3 Qc7 21. Bxe7 Rxe7 22.
Rfc1 Rb6 23. exd5 Nxd5 24. Qxd5 Bxd5 25. Rxc7 Rxc7 26. Rxc7 Rxb2 27. Nc3 Bxf3
28. Rc8+ Bf8 29. Nd3 Rc2 30. Nxe5 Bb7 31. Rb8 Rxc3 32. Rxb7 Bc5+ 33. Kf1 Rc1+
34. Ke2 Rc2+ 35. Kf3 Rxh2 36. Bg2 Rh5 37. Nxf7 Rf5+ 38. Kg4 h5+ 39. Kh3 Kf8 40.
Nd8 1-0

[Event "Millionaire Chess Op 2015"]
[Site "Las Vegas USA"]
[Date "2015.10.11"]
[Round "7.9"]
[White "Popilski, Gil"]
[Black "Durarbayli, Vasif"]
[Result "1-0"]
[WhiteTitle "GM"]
[BlackTitle "GM"]
[WhiteElo "2529"]
[BlackElo "2618"]
[WhiteFideId "2809060"]
[BlackFideId "13402935"]
[EventDate "2015.10.08"]

1. e4 c5 2. Nf3 d6 3. d4 cxd4 4. Nxd4 Nf6 5. Nc3 a6 6. Be3 e6 7. g4 e5 8. Nf5 g6
9. g5 gxf5 10. exf5 d5 11. Qf3 d4 12. O-O-O Nbd7 13. Bxd4 exd4 14. Rxd4 Qb6 15.
Qe3+ Kd8 16. gxf6 Qc6 17. Ne4 Rg8 18. Bc4 Rg4 19. Bxf7 Kc7 20. f3 Rh4 21. Qf2
Rxe4 22. fxe4 Qxf6 23. Rc4+ Kd8 24. Be6 Bg7 25. c3 b5 26. Rc6 Qe5 27. Qh4+ Bf6
28. Qg4 Ke7 29. Rd1 Nc5 30. Bxc8 b4 31. Rd5 Qxh2 32. Rdxc5 bxc3 33. Re6+ Kf7 34.
Rxf6+ Kxf6 35. e5+ 1-0

[Event "Millionaire Chess Op 2015"]
[Site "Las Vegas USA"]
[Date "2015.10.11"]
[Round "7.10"]
[White "Pakleza, Zbigniew"]
[Black "Shimanov, Aleksandr"]
[Result "0-1"]
[WhiteTitle "GM"]
[BlackTitle "GM"]
[WhiteElo "2517"]
[BlackElo "2593"]
[WhiteFideId "1119290"]
[BlackFideId "4198603"]
[EventDate "2015.10.08"]

1. d4 Nf6 2. Nf3 c5 3. d5 b5 4. Bg5 Qb6 5. Bxf6 Qxf6 6. c3 d6 7. e4 a6 8. Nbd2
g5 9. a4 g4 10. Ng1 b4 11. cxb4 cxb4 12. Nc4 Nd7 13. Bd3 h5 14. Ne2 h4 15. O-O
Bh6 16. a5 Rb8 17. f4 gxf3 18. Rxf3 Qg7 19. Kh1 Nc5 20. h3 Bd7 21. Qg1 Bb5 22.
b3 Bxc4 23. Bxc4 Bg5 24. Raf1 Bf6 25. Qe3 Rg8 26. R3f2 Ra8 27. Qf3 Qg6 28. Bd3
Be5 29. Bc2 Rc8 30. Qe3 Qg7 31. Qd2 Rb8 32. Rd1 Rb5 33. Qe1 Kd7 34. Bd3 Rbb8 35.
Qf1 f6 36. Rf3 Nxb3 37. Bb5+ Rxb5 38. Rxb3 Qg6 39. Nd4 Rxa5 40. Nc6 Ra2 41. Rxb4
Qxg2+ 42. Qxg2 Rgxg2 43. Rb7+ Ke8 44. Rxe7+ Kf8 45. Re6 Kf7 46. Re7+ Kg6 47. Rb7
Rh2+ 48. Kg1 Bg3 49. Nd4 Rxh3 50. Nf5 Bh2+ 51. Kh1 Be5+ 52. Kg1 Rhh2 53. Rg7+
Kh5 54. Rf1 Ra3 55. Rh7+ Kg4 56. Rg7+ Kh3 57. Nxh4 Bd4+ 0-1

[Event "Millionaire Chess Op 2015"]
[Site "Las Vegas USA"]
[Date "2015.10.11"]
[Round "7.11"]
[White "Berczes, David"]
[Black "Azarov, Sergei"]
[Result "0-1"]
[WhiteTitle "GM"]
[BlackTitle "GM"]
[WhiteElo "2495"]
[BlackElo "2580"]
[WhiteFideId "722960"]
[BlackFideId "13501470"]
[EventDate "2015.10.08"]

1. c4 Nf6 2. d4 e6 3. g3 d5 4. Bg2 Bb4+ 5. Bd2 Be7 6. Nf3 O-O 7. O-O c6 8. Qc2
Nbd7 9. Rd1 b6 10. Bf4 Ba6 11. b3 Rc8 12. Nc3 Qe8 13. e4 dxc4 14. Nb1 c5 15. d5
exd5 16. exd5 Nh5 17. Bd2 Bf6 18. Nc3 Bd4 19. Be1 Nhf6 20. Nxd4 cxd4 21. Rxd4
Qe5 22. Rdd1 Nc5 23. bxc4 Bxc4 24. Qd2 Nd3 25. Bf1 Nxe1 26. Rxe1 Qd6 27. Bg2 b5
28. a3 a5 29. Ne4 Nxe4 30. Rxe4 a4 31. Bf1 Rc5 32. Bxc4 bxc4 33. Qc3 Qxd5 34.
Rd4 Qc6 35. Rc1 Rc8 36. h4 h5 37. Rcd1 Qf6 38. Rc1 Rf5 39. Rd2 Qb6 40. Rdc2 Rb5
41. Qe1 Rb3 42. Kh2 Rb2 43. Rxb2 Qxb2 44. Rc3 Qb6 45. Qd2 Qc5 46. Qf4 Qd5 47.
Qe3 Rc6 48. Qe8+ Kh7 49. Qe2 g6 50. Qe7 Kg7 51. Qb7 Qc5 52. Rf3 Rc7 53. Qa6 Qc6
54. Qxc6 Rxc6 55. Rc3 Kf6 56. Kg2 Ke5 57. Kf3 Kd4 58. Rc1 c3 59. Rd1+ Kc4 60.
Ke3 c2 61. Rc1 Kc3 0-1

[Event "Millionaire Chess Op 2015"]
[Site "Las Vegas USA"]
[Date "2015.10.11"]
[Round "7.12"]
[White "Akobian, Varuzhan"]
[Black "Barcenilla, Rogelio"]
[Result "1-0"]
[WhiteTitle "GM"]
[BlackTitle "GM"]
[WhiteElo "2634"]
[BlackElo "2455"]
[WhiteFideId "13300580"]
[BlackFideId "5200059"]
[EventDate "2015.10.08"]

1. d4 Nf6 2. c4 g6 3. Nc3 Bg7 4. e4 d6 5. Nf3 O-O 6. h3 e5 7. d5 Nh5 8. g3 f5 9.
exf5 gxf5 10. Be2 Qe8 11. Nh4 Nf6 12. g4 f4 13. Qc2 a5 14. Bd2 Na6 15. O-O-O Nc5
16. f3 c6 17. Be1 cxd5 18. Nxd5 Nxd5 19. Rxd5 Qe7 20. Bf2 Be6 21. Nf5 Rxf5 22.
Rxc5 Rff8 23. Rb5 Rfc8 24. Rd1 Qf7 25. Rxd6 Bxc4 26. Rd8+ Bf8 27. Rxf8+ Kxf8 28.
Bc5+ Rxc5 29. Rxc5 Bxe2 30. Qxe2 b6 31. Rxe5 Qxa2 32. Qc2 Ra7 33. Qc6 Kg7 34.
Rg5+ Kf8 35. Qf6+ Ke8 36. Re5+ 1-0